000
00313nam a22001337a 4500
008
170425b xxu||||| |||| 00| 0 eng d
020
_a
0471319252
041
_a
eng
080
_a
54
100
_a
12
101
_a
SHM
245
_a
GUIDE MOERN METHODS OF INSTRUMENTAL ANALYSIS
_c
GOUW.T.H
942
_2
udc
_c
BK
999
_c
11845
_d
11845